Jambatan bengkok : fakta lurus & telus

Bibliographic Details
Corporate Author: Malaysia. Jabatan Penerangan. Bahagian Penerbitan Dasar negara
Format: Book
Published: Kuala Lumpur : Jabatan Penerangan Malaysia , 2006
Series:Siri Penjelasan Isu Semasa
Subjects:

MARC

LEADER 00000cam a2200000 7i4500
001 0000017020
005 20070522.0
040 |a INS 
090 0 0 |a DS596.4.S55   |b J36 2006 
245 1 0 |a Jambatan bengkok :   |b fakta lurus & telus   |c suntingan Bahagian Penerbitan Dasar Negara 
260 |a Kuala Lumpur :   |b Jabatan Penerangan Malaysia ,   |c 2006 
300 |a 43p. ;   |c 21cm. 
440 0 |a Siri Penjelasan Isu Semasa 
651 0 |a Malaysia   |x Foreign relations   |z Singapore 
651 0 |a Singapore   |x Foreign relations   |z Malaysia 
710 1 |a Malaysia. Jabatan Penerangan. Bahagian Penerbitan Dasar negara 
999 |a 0000017268   |b BOOK   |c Open Shelf   |e Default branch